| 000 | 00972cam a2200301 a 4500 | ||
|---|---|---|---|
| 001 | 121427 | ||
| 003 | GBCCL | ||
| 005 | 20241126110429.0 | ||
| 008 | 060626s2007 mau b 001 0 eng | ||
| 010 | _a 2006021312 | ||
| 020 | _a9780567668844 | ||
| 029 | 1 |
_aYDXCP _b2529206 |
|
| 035 | _a(OCoLC)ocm70258864 | ||
| 035 |
_a(OCoLC)70258864 _z(OCoLC)85813666 |
||
| 040 |
_aDLC _cDLC _dBAKER _dBTCTA _dGHS _dGK8 _dYDXCP _dLBB |
||
| 049 | _aLBBK | ||
| 050 | 0 | 0 |
_aBS465 _b.M38 2006 |
| 082 | 0 | 0 |
_a220.12 _222 _bMCD |
| 090 |
_aBS465 _b.M38 2006 |
||
| 100 | 1 |
_aMcDonald, Lee Martin, _d1942- _92752 |
|
| 245 | 1 | 4 |
_aThe formation of the Biblical canon / _cLee Martin McDonald. |
| 260 |
_aLondon : _bBloomsbury, _cc2017. |
||
| 300 |
_a2v. ; _c23 cm. |
||
| 505 | 0 | _av. 1. The Old Testament : its authority and canonicity, v.2. The New Testament : its authority and canonicity. | |
| 630 | 0 | 0 |
_aBible _xCanon. _92000 |
| 700 | 1 |
_aMcDonald, Lee Martin, _d1942- _92752 |
|
| 942 |
_2ddc _cBK _017 |
||
| 999 |
_c2457 _d2457 |
||